000 00198nam a22000857a 4500
008 170124b xxu||||| |||| 00| 0 eng d
100 _92556
_aChawla.A
245 _aChemisty
260 _aNew delhi
_bDP
_c2010
999 _c5654
_d5654